| 000 | 00490nam a2200133Ia 4500 | ||
|---|---|---|---|
| 008 | 170221s9999 xx 000 0 und d | ||
| 100 | _aDaniel Watts | ||
| 245 | 4 | _aThe Case of a Newly Implemented Modern Management Accounting System in a Multinational Manufacturing Company | |
| 245 | _cDaniel Watts, P.W. Senarath Yapa, and Steven Dellaportas | ||
| 260 | _c2015 | ||
| 300 | _a10 : 2 | ||
| 650 | _xBusiness | ||
| 856 | _uhttp://ro.uow.edu.au/cgi/viewcontent.cgi?article=1483&context=aabfj | ||
| 999 |
_c313571 _d313571 |
||